Central Library OPAC University of Rajshahi

হারিয়ে যাওয়া সোনার ধান / (Record no. 83117)

MARC details
000 -LEADER
fixed length control field 00952nam a2200253 a 4500
001 - CONTROL NUMBER
control field 83117
003 - CONTROL NUMBER IDENTIFIER
rucl marc code BD-RjUL
005 - DATE AND TIME OF LATEST TRANSACTION
control field 20240220112258.0
008 - FIXED-LENGTH DATA ELEMENTS--GENERAL INFORMATION
fixed length control field 240220s2023 bg ||||| |||| 00| 0 ben d
020 ## - INTERNATIONAL STANDARD BOOK NUMBER
International Standard Book Number 9789849586326
035 ## - SYSTEM CONTROL NUMBER
System control number (BD-RjUL)83117
040 ## - CATALOGING SOURCE
Original cataloging agency BD-RjUL
Language of cataloging eng
Transcribing agency BD-RjUL
041 ## - LANGUAGE CODE
Language code of text/sound track or separate title ben
082 ## - DEWEY DECIMAL CLASSIFICATION NUMBER
Edition number 23
Classification number 633.18095492
Author mark and year SIH 2023
100 ## - MAIN ENTRY--PERSONAL NAME
Personal name সিদ্দিকী, মাহবুব
9 (RLIN) 11722
245 ## - TITLE STATEMENT
Title হারিয়ে যাওয়া সোনার ধান /
Statement of responsibility, etc. মাহবুব সিদ্দিকী
260 ## - PUBLICATION, DISTRIBUTION, ETC. (IMPRINT)
Place of publication, distribution, etc. ঢাকা :
Name of publisher, distributor, etc. মধ্যমা,
Date of publication, distribution, etc. ২০২৩
300 ## - PHYSICAL DESCRIPTION
Pagination ৬৩৭ পৃ.:
Illustrations চিত্রসমূহ;
Size ২৫ সেমি.
650 ## - SUBJECT ADDED ENTRY--TOPICAL TERM
Topical term or geographic name as entry element Paddy
General subdivision Bangladesh
9 (RLIN) 11819
Topical term or geographic name as entry element ধান
General subdivision বাংলাদেশ
9 (RLIN) 11820
Topical term or geographic name as entry element কৃষি বিষয়ক প্রবন্ধ ধান
9 (RLIN) 11821
Topical term or geographic name as entry element Essay on Agriculture Paddy
9 (RLIN) 11822
942 ## - ADDED ENTRY ELEMENTS (KOHA)
Source of classification or shelving scheme Dewey Decimal Classification
Koha item type Books
Holdings
Lost status Source of classification or shelving scheme Damaged status Not for loan Collection code Permanent Location Current Location Shelving location Date acquired Source of acquisition Cost, normal purchase price Total Checkouts Full call number Date last seen Copy number Koha item type
  Dewey Decimal Classification   Not For Loan Non-fiction Central Library, University of Rajshahi Central Library, University of Rajshahi Reading Room 24/01/2024 Rajshahi : Haritage 1162.50   B 633.18095492 SIH 2023 20/02/2024 C-1 Books
  Dewey Decimal Classification     Non-fiction Central Library, University of Rajshahi Central Library, University of Rajshahi General Stacks 24/01/2024 Rajshahi : Haritage 1162.50   B 633.18095492 SIH 2023 20/02/2024 C-2 Books